| 000 | 00348nam a2200109Ia 4500 | ||
|---|---|---|---|
| 008 | 171211s9999 xx 000 0 und d | ||
| 245 | _aBaedeker Reiseführer Spanien Norden, Jakobsweg: mit GROSSER REISEKARTE, Auflage: 4 | ||
| 245 | _cCristina D. Olaso | ||
| 260 | _c2016 | ||
| 650 | _xTRAVEL | ||
| 856 | _uhttp://down.ebook777.com/062/382971842X.pdf | ||
| 999 |
_c349178 _d349178 |
||